| 000 | 00000nam 2200000za 4500 |
| 001 | 9.698251 |
| 003 | CaOODSP |
| 005 | 20220810103023 |
| 007 | cr ||||||||||| |
| 008 | 150407|2002||||xxc|||||o f|0| 0 eng d |
| 040 | |aCaOODSP|beng |
| 043 | |an-cn--- |
| 086 | 1 |aA22-561/2002E-PDF |
| 110 | 1 |aCanada.|bAgriculture and Agri-Food Canada. |bMarket and Industry Services Branch. |
| 245 | 10|aCanada's second progress report to the FAO Committee on World Food Security on the implementation of Canada's action plan for security in response to the World Food Summit plan of action / |h[electronic resource]|cprepared by Dr. I.R. Reid for the Food Security Bureau. |
| 246 | 1 |aCanada's Second Progress Report on Canada's Action Plan for Food Security in Response to the World Food Summit Plan of Action |
| 250 | |a[First edition] |
| 260 | |aOttawa - Ontario : |bAgriculture and Agri-Food Canada. |cMay 2002. |
| 300 | |a100p.|breferences |
| 500 | |aHistorical publication digitized by Agriculture and Agri-Food Canada. For an amended version see Cat. No. A22-561/2002-1E-PDF. |
| 590 | |a13-17-Supp|b2013-07-25 |
| 690 | 07|aFood supply|2gcpds |
| 690 | 07|aHunger|2gcpds |
| 775 | 08|tDeuxième rapport d'étape du Canada au Comité de la sécurité alimentaire mondiale de la FAO sur la mise en oeuvre du Plan d'action du Canada pour la sécurité alimentaire en réponse au Plan d'action du Sommet mondial de l'alimentation / |w(CaOODSP)9.641404 |
| 794 | |tCanada's second progress report to the FAO Committee on World Food Security on the implementation of Canada's action plan for security in response to the World Food Summit plan of action / |w(CaOODSP)9.697347 |
| 856 | 40|ahttp://publications.gc.ca|qPDF|s6.15 MB|uhttps://publications.gc.ca/collections/collection_2013/aac-aafc/agrhist/A22-561-2002-eng.pdf |
| 986 | |a2132/E |